| 000 | 01180cab a22002535a 4500 | ||
|---|---|---|---|
| 001 | L139221 | ||
| 008 | 070724e20070721xxk f 000 0 eng d | ||
| 035 | _a(Sirsi) u139221 | ||
| 041 | 0 | _aeng | |
| 100 | 1 | _aMcCallum, James | |
| 245 | 0 | 2 | _aA charity performance |
| 260 | _c2007 | ||
| 490 |
_aEstates Gazette _v(0729) 21 July 2007, 134-136(3) |
||
| 520 | _aExamines the rules relating to the disposal of assets by charities. Statutory provisions for this were first introduced in 1992. They now apply to land, leases, easements, mortgages and equitable interests. The consent of the Charity Commission is always required when an asset is transferred to a connected person. In other cases, the charity can effect disposal provided its trustees take valuation advice that the terms of disposal are the best that can reasonably be obtained. | ||
| 590 | _aKA | ||
| 650 | 2 | 4 | _aCHARITIES ACT 1992 |
| 650 | 2 | 4 | _aCHARITIES ACT 1993 S36 |
| 650 | 2 | 4 | _aCHARITIES ACT 2006 |
| 650 | 2 | 4 | _aHOUSING ACT 1996 S8 |
| 650 | 2 | 4 | _aCHARITIES (QUALIFIED SURVEYORS REPORTS) REGULATIONS 1992 |
| 651 | 4 |
_aUnited Kingdom _y |
|
| 690 | _aPROPERTY-PROPERTY ACQUISITION AND DISPOSAL | ||
| 942 | _n0 | ||
| 999 |
_c79028 _d79028 |
||